Marcas/Empresas Colombianas - ¡Muerte súbita! - Estadísticas

Estadísticas generales
  • Esta prueba ha sido intentada 639 veces
    351 desde el último reinicio
  • La puntuación promedio es 4 de 12
Answers on the Grid
Answers color-coded by a green-red scale on the quiz's grid according to % correct below.
Ecopetrol
Bimbo
Colanta
LATAM
Avianca
Maggi
Davivienda
Tiendas Ara
Servientrega
Argos
Falabella
Alpina
Nestle
Cruz Verde
Zenu
Nivea
Olímpica
Claro
Colombina
Nescafe
Fruco
Tigo
Postobón
Farmatodo
 
Estadísticas de respuestas
Respuesta % Correcto
Colombina
42%
Postobón
38%
Avianca
34%
Olímpica
34%
Ecopetrol
32%
Servientrega
31%
Alpina
29%
Davivienda
29%
Fruco
26%
Colanta
21%
Argos
20%
Zenu
18%
No se encontraron pruebas coincidentes
Distribución de puntuación
Porcentaje de gente con cada puntuación
Porcentaje por número respondido
Historial de tus puntuaciones
No has intentado esta prueba desde el último reinicio